[Event "CZE-chT2E 2223"]
[Site "Czech Republic"]
[Date "2023.03.26"]
[Round "11.2"]
[White "Vanek, Ladislav"]
[Black "Glozar, Petr"]
[Result "1/2-1/2"]
[WhiteElo "2131"]
[BlackElo "2171"]
[PlyCount "94"]
[EventDate "2022.10.16"]
[EventType "team-tourn"]
[EventRounds "11"]
[EventCountry "CZE"]
[SourceTitle "EXT 2024"]
[Source "ChessBase"]
[SourceDate "2023.10.10"]
[SourceVersion "1"]
[SourceVersionDate "2023.10.10"]
[SourceQuality "1"]
[WhiteTeam "Litovel Tatran"]
[BlackTeam "Brno VSK Univ"]
[WhiteTeamCountry "CZE"]
[BlackTeamCountry "CZE"]

1. d4 Nf6 2. c4 e6 3. Nc3 Bb4 4. f3 d5 5. a3 Bxc3+ 6. bxc3 b6 7. cxd5 exd5 8. e3 Bf5 9. g4 Nxg4 10. h4 Nf6 11. Ne2 Nh5 12. Kf2 0-0 13. Qd2 Re8 14. Bg2 Nd7 15. Bb2 b5 16. Ng3 Nxg3 17. Kxg3 Re6 18. Kf2 Qe7 19. Rag1 a5 20. Bf1 c6 21. Rg5 g6 22. Rhg1 Qf6 23. h5 Nb6 24. Bc1 Nc8 25. Ke1 Nd6 26. Qh2 b4 27. Qb2 bxa3 28. Qxa3 a4 29. Qc5 Ree8 30. Be2 Nb7 31. Qb4 Reb8 32. Ba3 Na5 33. Qd6 Rb1+ 34. Kf2 Qxd6 35. Bxd6 Rxg1 36. Rxg1 Nb3 37. Ba3 Kg7 38. c4 h6 39. cxd5 cxd5 40. Bb5 Ra5 41. Bc6 Be6 42. Ke2 g5 43. Kd3 Ra7 44. e4 dxe4+ 45. fxe4 Bd7 46. Bd5 Be6 47. Bc6 Bd7 1/2-1/2

[Event "CZE-chT2E 2223"]
[Site "Czech Republic"]
[Date "2023.01.22"]
[Round "7.2"]
[White "Mudrak, Josef"]
[Black "Glozar, Petr"]
[Result "1/2-1/2"]
[WhiteElo "2239"]
[BlackElo "2171"]
[PlyCount "107"]
[EventDate "2022.10.16"]
[EventType "team-tourn"]
[EventRounds "11"]
[EventCountry "CZE"]
[SourceTitle "EXT 2024"]
[Source "ChessBase"]
[SourceDate "2023.10.10"]
[SourceVersion "1"]
[SourceVersionDate "2023.10.10"]
[SourceQuality "1"]
[WhiteTeam "Kromeriz Slavia II"]
[BlackTeam "Brno VSK Univ"]
[WhiteTeamCountry "CZE"]
[BlackTeamCountry "CZE"]

1. d4 Nf6 2. Nf3 e6 3. c4 Bb4+ 4. Nbd2 b6 5. a3 Bxd2+ 6. Nxd2 Bb7 7. Qc2 c5 8. dxc5 bxc5 9. b3 Nc6 10. e3 a5 11. Bb2 a4 12. Bd3 Qc7 13. Qc3 axb3 14. Nxb3 Na5 15. Nxa5 Rxa5 16. f3 Ke7 17. 0-0 h5 18. e4 d6 19. Rae1 e5 20. Qd2 Nh7 21. Ra1 f6 22. Bc3 Ra7 23. a4 Ng5 24. a5 Ne6 25. Ra3 Ba6 26. Rb1 Rb8 27. Rab3 Rab7 28. Rxb7 Rxb7 29. Rxb7 Qxb7 30. Qb2 Qxb2 31. Bxb2 h4 32. Kf2 Kd7 33. Ke3 Kc7 34. g3 hxg3 35. hxg3 g5 36. Bc3 Kb7 37. Bf1 Ka7 38. Kd3 Bb7 39. Bh3 Nd4 40. f4 gxf4 41. gxf4 exf4 42. Bd2 Nf3 43. Bxf4 Ne5+ 44. Kc3 Bxe4 45. Be6 Ka6 46. Bh6 Kxa5 47. Bg7 f5 48. Bf8 Kb6 49. Bxd6 Nf3 50. Bd7 Nd4 51. Be5 Nf3 52. Bd6 Nd4 53. Be5 Nf3 54. Bd6 1/2-1/2

[Event "Brno op"]
[Site "Brno"]
[Date "2022.11.14"]
[Round "3"]
[White "Navratilik, Pavel"]
[Black "Glozar, Petr"]
[Result "1-0"]
[WhiteElo "2035"]
[BlackElo "2189"]
[PlyCount "79"]
[EventDate "2022.11.12"]
[EventType "swiss"]
[EventRounds "9"]
[EventCountry "CZE"]
[SourceTitle "CBM 211 Extra"]
[Source "ChessBase"]
[SourceDate "2023.01.31"]
[SourceVersion "1"]
[SourceVersionDate "2023.01.31"]
[SourceQuality "1"]

1. d4 Nf6 2. c4 c5 3. Nf3 e6 4. Nc3 cxd4 5. Nxd4 a6 6. e4 Qc7 7. Be3 Be7 8. Be2 d6 9. 0-0 0-0 10. Qd2 b6 11. Rac1 Bb7 12. f3 Nbd7 13. Rfd1 Rfd8 14. b3 Rac8 15. g4 Nf8 16. Qe1 Rd7 17. Qf2 Rb8 18. h4 Ba8 19. g5 Ne8 20. f4 Bd8 21. h5 f6 22. Bg4 Re7 23. Qg3 g6 24. hxg6 hxg6 25. f5 exf5 26. exf5 Qb7 27. Nd5 Rg7 28. fxg6 fxg5 29. Ne6 Rxg6 30. Nxf8 Kxf8 31. Rf1+ Bf6 32. Bh5 Rh6 33. Bxe8 Rxe8 34. Bxg5 Rg6 35. Rxf6+ Rxf6 36. Bxf6 Qh7 37. Qxd6+ Kg8 38. Qg3+ Kf8 39. Rf1 Bxd5 40. cxd5 1-0

[Event "Brno op 9th"]
[Site "Brno"]
[Date "2019.11.06"]
[Round "4"]
[White "Bullen, Alex"]
[Black "Glozar, Petr"]
[Result "1-0"]
[WhiteElo "2108"]
[BlackElo "1908"]
[PlyCount "63"]
[EventDate "2019.11.03"]
[EventType "swiss"]
[EventRounds "7"]
[EventCountry "CZE"]
[SourceTitle "CBM 193 Extra"]
[Source "ChessBase"]
[SourceDate "2020.01.31"]
[SourceVersion "1"]
[SourceVersionDate "2020.01.31"]
[SourceQuality "1"]

1. d4 Nf6 2. Nf3 d5 3. c4 e6 4. g3 c6 5. Bg2 b6 6. 0-0 Bd6 7. Nbd2 Nbd7 8. Qc2 Bb7 9. e4 dxe4 10. Ng5 0-0 11. Ndxe4 Nxe4 12. Nxe4 Be7 13. Bf4 Nf6 14. Rad1 h6 15. Rfe1 Nxe4 16. Bxe4 Bd6 17. Be5 Qc7 18. c5 bxc5 19. Bxd6 Qxd6 20. dxc5 Qc7 21. Rd6 Rfd8 22. Red1 Rxd6 23. cxd6 Qd7 24. Qc5 a6 25. b4 Rd8 26. Qb6 Qc8 27. a4 Rd7 28. b5 axb5 29. axb5 cxb5 30. Bxb7 Rxb7 31. Qxb7 Qxb7 32. d7 1-0

[Event "Morava-ch U16"]
[Site "Loucna nad Desnou"]
[Date "2017.10.29"]
[Round "9"]
[White "Stalmach, Richard"]
[Black "Glozar, Petr"]
[Result "1/2-1/2"]
[WhiteElo "1899"]
[BlackElo "1792"]
[PlyCount "52"]
[EventDate "2017.10.24"]
[EventType "swiss"]
[EventRounds "9"]
[EventCountry "CZE"]
[SourceTitle "EXT 2020"]
[Source "ChessBase"]
[SourceDate "2019.10.17"]
[SourceVersion "1"]
[SourceVersionDate "2019.10.17"]
[SourceQuality "1"]

1. d4 Nf6 2. c4 e6 3. Nf3 Bb4+ 4. Bd2 a5 5. e3 b6 6. Bd3 Bb7 7. 0-0 0-0 8. a3 Bxd2 9. Qxd2 d6 10. Nc3 Nbd7 11. Bc2 Qe7 12. e4 e5 13. d5 Ba6 14. Qe2 Nh5 15. g3 Nhf6 16. Nd2 Bc8 17. f4 Nc5 18. b4 Nb7 19. f5 Bd7 20. g4 h6 21. Qg2 Nh7 22. Nf3 Ng5 23. Qg3 Nxf3+ 24. Qxf3 Qg5 25. b5 h5 26. h3 f6 1/2-1/2

[Event "Morava-ch U16"]
[Site "Loucna nad Desnou"]
[Date "2017.10.27"]
[Round "6"]
[White "Travnicek, Krystof Mikulas"]
[Black "Glozar, Petr"]
[Result "1/2-1/2"]
[WhiteElo "1705"]
[BlackElo "1792"]
[PlyCount "53"]
[EventDate "2017.10.24"]
[EventType "swiss"]
[EventRounds "9"]
[EventCountry "CZE"]
[SourceTitle "EXT 2020"]
[Source "ChessBase"]
[SourceDate "2019.10.17"]
[SourceVersion "1"]
[SourceVersionDate "2019.10.17"]
[SourceQuality "1"]

1. d4 Nf6 2. c4 g6 3. Nc3 d5 4. Nf3 Bg7 5. Bg5 dxc4 6. e3 0-0 7. Bxc4 c5 8. dxc5 Qa5 9. 0-0 Qxc5 10. Qd4 Qa5 11. b4 Qc7 12. Bf4 Qd7 13. Rac1 Nc6 14. Qxd7 Nxd7 15. b5 Nce5 16. Nxe5 Nxe5 17. Nd5 e6 18. Ne7+ Kh8 19. Nxc8 Raxc8 20. Be2 h5 21. Bxe5 Bxe5 22. Bf3 b6 23. Bc6 Rfd8 24. Rfd1 Bd6 25. a4 Ba3 26. Rb1 Bc5 27. Kf1 1/2-1/2

[Event "Morava-ch U16"]
[Site "Loucna nad Desnou"]
[Date "2017.10.26"]
[Round "5"]
[White "Glozar, Petr"]
[Black "Hladky, Tadeas"]
[Result "1-0"]
[WhiteElo "1792"]
[BlackElo "1467"]
[PlyCount "45"]
[EventDate "2017.10.24"]
[EventType "swiss"]
[EventRounds "9"]
[EventCountry "CZE"]
[SourceTitle "EXT 2020"]
[Source "ChessBase"]
[SourceDate "2019.10.17"]
[SourceVersion "1"]
[SourceVersionDate "2019.10.17"]
[SourceQuality "1"]

1. d4 Nf6 2. c4 e6 3. Nc3 d5 4. cxd5 exd5 5. Bg5 Be7 6. e3 0-0 7. Bd3 c6 8. Nge2 Nbd7 9. Qc2 h6 10. Bh4 Re8 11. 0-0 Nb6 12. Rae1 Ne4 13. Bxe7 Qxe7 14. f3 Nxc3 15. Nxc3 Be6 16. Kh1 Qd7 17. Rd1 Kh8 18. Rfe1 Rad8 19. Qf2 f5 20. Ne2 Rf8 21. Nf4 Rf6 22. Qg3 g5 23. Nh5 1-0

[Event "CZE-ch U14"]
[Site "Kouty nad Desnou"]
[Date "2017.03.15"]
[Round "6"]
[White "Mica, Marek"]
[Black "Glozar, Petr"]
[Result "1/2-1/2"]
[WhiteElo "1893"]
[BlackElo "1619"]
[PlyCount "168"]
[EventDate "2017.03.11"]
[EventType "swiss"]
[EventRounds "9"]
[EventCountry "CZE"]
[SourceTitle "CBM 177 Extra"]
[Source "ChessBase"]
[SourceDate "2017.04.27"]
[SourceVersion "1"]
[SourceVersionDate "2017.04.27"]
[SourceQuality "1"]

1. d4 d5 2. c4 e6 3. Nf3 Nf6 4. e3 Be7 5. Nbd2 0-0 6. Bd3 Nbd7 7. 0-0 b6 8. e4 dxe4 9. Nxe4 Bb7 10. Re1 c5 11. Bg5 Nxe4 12. Bxe7 Qxe7 13. Bxe4 Bxe4 14. Rxe4 Nf6 15. Re2 Rfd8 16. Rd2 Rac8 17. b3 Ne4 18. Rd3 cxd4 19. Rxd4 Qf6 20. Rc1 Rxd4 21. Qxd4 Qxd4 22. Nxd4 Rd8 23. Nc6 Rd7 24. f3 Nf6 25. Rc2 a5 26. Kf2 Kf8 27. Ke2 Rd6 28. Ne5 Nd7 29. Nxd7+ Rxd7 30. Ke3 Ke7 31. c5 bxc5 32. Rxc5 Ra7 33. Kd4 Kd6 34. Kc4 Ra8 35. a3 g6 36. Rb5 Kc6 37. b4 axb4 38. axb4 Ra2 39. Rg5 f5 40. h4 Rc2+ 41. Kb3 Rf2 42. Kc4 Rc2+ 43. Kd4 Kd6 44. h5 gxh5 45. Rxh5 Rxg2 46. Rxh7 e5+ 47. Ke3 Rb2 48. Rb7 Rb3+ 49. Ke2 e4 50. fxe4 fxe4 51. Kd2 Kc6 52. Rb8 Kc7 53. Rb5 Kc6 54. Rc5+ Kd6 55. Rc4 Kd5 56. Rc5+ Kd4 57. Rc8 Rb2+ 58. Ke1 Rxb4 59. Ra8 Ke3 60. Ra3+ Kf4 61. Ra8 Kf3 62. Rh8 Rb2 63. Rh3+ Kf4 64. Ra3 Rh2 65. Rb3 Ra2 66. Rc3 Ke5 67. Rg3 Ra8 68. Rb3 Rd8 69. Ra3 Kf4 70. Rb3 Kg4 71. Rc3 Rf8 72. Ke2 Rh8 73. Ra3 Rh2+ 74. Ke1 Kf4 75. Rb3 Ra2 76. Rc3 Ke5 77. Rb3 Kd4 78. Rg3 Ra4 79. Rh3 Rc4 80. Ra3 Rc2 81. Rh3 Ra2 82. Rb3 Ra8 83. Rh3 Rd8 84. Ra3 Rb8 1/2-1/2

[Event "CZE-ch U14"]
[Site "Kouty nad Desnou"]
[Date "2017.03.14"]
[Round "5"]
[White "Glozar, Petr"]
[Black "Hejsek, Lukas"]
[Result "1-0"]
[WhiteElo "1619"]
[BlackElo "1747"]
[PlyCount "95"]
[EventDate "2017.03.11"]
[EventType "swiss"]
[EventRounds "9"]
[EventCountry "CZE"]
[SourceTitle "CBM 177 Extra"]
[Source "ChessBase"]
[SourceDate "2017.04.27"]
[SourceVersion "1"]
[SourceVersionDate "2017.04.27"]
[SourceQuality "1"]

1. e4 Nc6 2. d4 e5 3. dxe5 Nxe5 4. Bf4 Ng6 5. Bg3 Bc5 6. Nf3 d6 7. Be2 Nf6 8. Nbd2 0-0 9. 0-0 Re8 10. Bd3 Nd7 11. Nc4 Nde5 12. Nfxe5 Nxe5 13. Nxe5 dxe5 14. Be2 Qxd1 15. Raxd1 Bd6 16. Bc4 Be6 17. Bd5 Bxd5 18. Rxd5 f6 19. Rfd1 Rad8 20. c4 Be7 21. Rxd8 Rxd8 22. Rxd8+ Bxd8 23. f3 Kf7 24. Kf2 Ke6 25. Ke3 Be7 26. Be1 Bc5+ 27. Kd3 b6 28. b4 Bd4 29. f4 h6 30. f5+ Kf7 31. a4 c6 32. b5 c5 33. a5 Ke8 34. a6 Kd8 35. Ke2 Bg1 36. h3 h5 37. Kf3 Bh2 38. g3 Bg1 39. Bd2 Kd7 40. Kg2 Bd4 41. g4 hxg4 42. hxg4 Kd8 43. Kg3 Bg1 44. Kh4 Bh2 45. Kh5 Kd7 46. Kg6 Bf4 47. Be1 Bh6 48. Bh4 1-0

[Event "EU-ch U12 26th"]
[Site "Prague"]
[Date "2016.08.27"]
[Round "9"]
[White "Stepanencu, Nicodim Cosmin"]
[Black "Glozar, Petr"]
[Result "1-0"]
[WhiteElo "1551"]
[BlackElo "1688"]
[PlyCount "93"]
[EventDate "2016.08.18"]
[EventType "swiss"]
[EventRounds "9"]
[EventCountry "CZE"]
[SourceTitle "CBM 174 Extra"]
[Source "ChessBase"]
[SourceDate "2016.10.10"]
[SourceVersion "1"]
[SourceVersionDate "2016.10.10"]
[SourceQuality "1"]

1. e4 c6 2. d4 d5 3. Nc3 dxe4 4. Nxe4 Bf5 5. Ng3 Bg6 6. h4 h6 7. Nf3 Nd7 8. Bd3 Bxd3 9. Qxd3 e6 10. Bd2 Qc7 11. 0-0-0 Ngf6 12. Rhe1 0-0-0 13. Ne4 c5 14. Nxf6 Nxf6 15. Qc4 Nd5 16. Re4 Nb6 17. Qe2 c4 18. Ba5 Rd5 19. Bxb6 axb6 20. c3 Bd6 21. Kb1 Kb8 22. Re1 Rd8 23. Nd2 b5 24. Nf1 b4 25. Ne3 Rb5 26. Nxc4 bxc3 27. b3 Rf5 28. Rc1 Bb4 29. g3 Rfd5 30. Qe3 Rc8 31. Rc2 Rcd8 32. f4 b5 33. Nb2 Qa7 34. Nd3 Ba3 35. Ne5 Qa6 36. Qxc3 b4 37. Qc4 Qxc4 38. bxc4 Rxe5 39. fxe5 Re8 40. Rf2 Rc8 41. c5 Rc7 42. Ref4 Rd7 43. Rd2 Kc7 44. h5 Kc6 45. Kc2 Rb7 46. Rdf2 Rd7 47. Kd2 1-0

[Event "EU-ch U12 26th"]
[Site "Prague"]
[Date "2016.08.24"]
[Round "6"]
[White "Schlegel, Igor"]
[Black "Glozar, Petr"]
[Result "1-0"]
[WhiteElo "1856"]
[BlackElo "1688"]
[PlyCount "115"]
[EventDate "2016.08.18"]
[EventType "swiss"]
[EventRounds "9"]
[EventCountry "CZE"]
[SourceTitle "CBM 174 Extra"]
[Source "ChessBase"]
[SourceDate "2016.10.10"]
[SourceVersion "1"]
[SourceVersionDate "2016.10.10"]
[SourceQuality "1"]

1. e4 c6 2. d4 d5 3. exd5 cxd5 4. c4 e6 5. Nc3 Nf6 6. Nf3 Bb4 7. Bd3 0-0 8. 0-0 dxc4 9. Bxc4 Nc6 10. a3 Be7 11. Re1 Qb6 12. Be3 Ng4 13. Bf4 a6 14. Bg5 Bxg5 15. Nxg5 Nf6 16. d5 exd5 17. Nxd5 Nxd5 18. Qxd5 Nd8 19. Nxf7 Be6 20. Rxe6 Qxe6 21. Qxe6 Nxe6 22. Bxe6 Rxf7 23. Rc1 Re8 24. Bxf7+ Kxf7 25. Rc7+ Kf8 26. Kf1 Rb8 27. Ke2 b6 28. Kf3 a5 29. Kf4 b5 30. Rc6 Kf7 31. b3 b4 32. a4 Ra8 33. g4 h6 34. h4 Rd8 35. Ke3 Re8+ 36. Kd3 Re5 37. f4 Re1 38. Rc5 Rb1 39. Kc4 Rc1+ 40. Kd4 Rd1+ 41. Ke4 Rb1 42. Rxa5 Rxb3 43. Rb5 Rb1 44. h5 b3 45. Kf5 Ra1 46. Rxb3 Rxa4 47. Rb7+ Kf8 48. g5 Ra5+ 49. Kg6 hxg5 50. fxg5 Rc5 51. Rb8+ Ke7 52. Rg8 Ra5 53. Rxg7+ Kf8 54. h6 Ra8 55. Kh7 Ra1 56. g6 Ra2 57. Rf7+ Ke8 58. Kg7 1-0

[Event "EU-ch U12 26th"]
[Site "Prague"]
[Date "2016.08.18"]
[Round "1"]
[White "Tanriverdi, Enes"]
[Black "Glozar, Petr"]
[Result "1-0"]
[WhiteElo "1991"]
[BlackElo "1688"]
[PlyCount "119"]
[EventDate "2016.08.18"]
[EventType "swiss"]
[EventRounds "9"]
[EventCountry "CZE"]
[SourceTitle "CBM 174 Extra"]
[Source "ChessBase"]
[SourceDate "2016.10.10"]
[SourceVersion "1"]
[SourceVersionDate "2016.10.10"]
[SourceQuality "1"]

1. d4 d5 2. c4 e6 3. Nc3 Nf6 4. Bg5 Be7 5. e3 h6 6. Bh4 0-0 7. Qc2 b6 8. Bxf6 Bxf6 9. cxd5 exd5 10. Nf3 Bg4 11. Be2 Be6 12. 0-0 Nd7 13. Rfd1 Be7 14. Bb5 Nf6 15. Bc6 Rc8 16. Ne5 Bd6 17. Qa4 a5 18. Bb7 Rb8 19. Bc6 Bxe5 20. dxe5 Ng4 21. Bxd5 Bxd5 22. Qxg4 Be6 23. Rxd8 Bxg4 24. Rxb8 Rxb8 25. f3 Be6 26. a4 Bb3 27. Kf2 Rd8 28. Ne4 Bc2 29. Nc3 Rd2+ 30. Kg3 Bb3 31. Rb1 Rd3 32. e4 Rd2 33. Nb5 c6 34. Na7 Rd7 35. Nc8 b5 36. axb5 cxb5 37. Nd6 b4 38. Rc1 a4 39. Rc8+ Kh7 40. Rb8 Re7 41. Rxb4 Rxe5 42. Nc4 Bxc4 43. Rxc4 Ra5 44. Rc3 Rb5 45. Ra3 Rxb2 46. Rxa4 Rb5 47. Ra2 f5 48. Kf4 fxe4 49. fxe4 Rh5 50. g4 Rb5 51. e5 Rb4+ 52. Kf5 Rb5 53. Ra8 Rb6 54. e6 Rb5+ 55. Ke4 Rb1 56. Kd5 Re1 57. Kd6 Kg6 58. e7 Rd1+ 59. Kc5 Rc1+ 60. Kd4 1-0